Online
Catalog
Normal view MARC view

Entry Nombre personal

Number of records used in: 21

001 - NÚMERO DE CONTROL

  • campo de control: 39

003 - IDENTIFICADOR DEL NÚMERO DE CONTROL

  • campo de control: BNPHU

005 - FECHA Y HORA DE LA ÚLTIMA TRANSACCIÓN

  • campo de control: 20250122110128.0

008 - DATOS DE LONGITUD FIJA

  • campo de control de longitud fija: 200615|| aca||aabn | a|a d

010 ## - NÚMERO DE CONTROL DE LA BIBLIOTECA DEL CONGRESO

  • Número de control de LC: n 84166066

040 ## - FUENTE DE LA CATALOGACIÓN

  • Centro catalogador/agencia de origen: DO-SdBNP
  • Lengua de catalogación: spa
  • Centro/agencia transcriptor: BNPHU
  • Normas de descripción: rda

100 1# - ENCABEZAMIENTO-NOMBRE DE PERSONA

  • Nombre de persona: Cordero, Margarita

372 ## - CAMPO DE ACTIVIDAD

  • Campo de actividad: Ha trabajado en radio, televisión y prensa escrita y digital
  • Campo de actividad: En 2013 recibió Premio Caonabo de Oro en la categoría Periodismo, otorgado por la Asociación Dominicana de Periodistas y Escritores.
  • Campo de actividad: En 2015 el Premio Nacional de Periodismo por el Colegio Dominicano de Periodistas y el Ministerio de Educación

374 ## - OCUPACIÓN

  • Ocupación: Periodista

375 ## - GÉNERO/SEXO

  • Género/Sexo: Femenino

400 1# - TRAZADO DE VÉASE--NOMBRE DE PERSONA

  • Nombre de persona: Margarita Cordero

670 ## - FUENTE DE DATOS ENCONTRADOS

  • Cita de la fuente: Work cat.: (OSt)9: Periodismo de investigación en la República Dominicana /, 2003.

670 ## - FUENTE DE DATOS ENCONTRADOS

  • Cita de la fuente: Cordero, Margarita. Nosotros las de entonces. Santo Domingo: Santuario, 2019. 143 p.

670 ## - FUENTE DE DATOS ENCONTRADOS

  • Identificador Uniforme del Recurso: https://authorities.loc.gov/cgi-bin/Pwebrecon.cgi?AuthRecID=2912344&v1=1&HC=1&SEQ=20250122105223&PID=s5Cw3lBADe7kQKnsKTW2HJnUTMgN Consultado en 22 de enero, 2025

Powered by Koha